| 000 | 00662nam a2200205 a 4500 | ||
|---|---|---|---|
| 005 | 20191224041515.0 | ||
| 008 | 140219b1994 sz |||||r|||| 00| 0 spa d | ||
| 040 |
_aCO-BoIAVH _cCO-BoIAVH |
||
| 041 | 0 | _aspa | |
| 044 | _asz | ||
| 082 | 0 | 4 |
_a591.68012 _bU58c |
| 110 | 2 | _aUnión Internacional para la Conservación de la Naturaleza y los Recursos Naturales | |
| 245 | 1 | 0 | _aCategorías de las listas rojas de la UICN |
| 260 |
_aGland (Suiza) : _bUICN, _c1994. |
||
| 300 |
_a22 páginas ; _c21 X 15 cm. |
||
| 650 | 2 | 4 | _aCategorías UICN |
| 650 | 2 | 6 | _aEspecies en peligro de extinción |
| 650 | 2 | 4 | _aListas rojas UICN |
| 942 |
_cLIBRO _2ddc |
||
| 999 |
_c167 _d167 |
||